Znalci v Rakúsku sú kľúčovými osobami pôsobiacimi v schvaľovacom procese stavieb
Rakúski znalci, na rozdiel od slovenských, nemajú predpísanú žiadnu ohodnocovaciu metódu pri oceňovaní nehnuteľností. Znalci sú zodpovední za stanovenie správnej kapitalizačnej úrokovej miery. Odporúčané merné hodnoty kapitálovej úrokovej miery. Rozlišovanie úradných znalcov a znalcov ad hoc. Rakúsk...
Salvato in:
| Autore principale: | |
|---|---|
| Natura: | Capitolo di libro |
| Lingua: | slovacco |
| Soggetti: | |
| Tags: |
Nessun Tag, puoi essere il primo ad aggiungerne!!
|
MARC
| LEADER | 00000naa a2200000 4500 | ||
|---|---|---|---|
| 001 | r021318 | ||
| 005 | 20230921074154.6 | ||
| 041 | 0 | |a slo | |
| 044 | |a SK | ||
| 245 | 1 | 0 | |a Znalci v Rakúsku sú kľúčovými osobami pôsobiacimi v schvaľovacom procese stavieb |c M. Trubáček |
| 520 | |a Rakúski znalci, na rozdiel od slovenských, nemajú predpísanú žiadnu ohodnocovaciu metódu pri oceňovaní nehnuteľností. Znalci sú zodpovední za stanovenie správnej kapitalizačnej úrokovej miery. Odporúčané merné hodnoty kapitálovej úrokovej miery. Rozlišovanie úradných znalcov a znalcov ad hoc. Rakúski súdni znalci vydávajú aj odborné posudky, na základe ktorých sa schvaľujú stavby. | ||
| 610 | 2 | 0 | |a Rakúsko |
| 610 | 2 | 0 | |a znalci |
| 610 | 2 | 0 | |a oceňovanie |
| 610 | 2 | 0 | |a nehnuteľnosti |
| 610 | 2 | 0 | |a stavby |
| 610 | 2 | 0 | |a miera úroková |
| 100 | 1 | |a Trubáček, M. | |